[Event "13th EICC"]
[Site "Plovdiv BUL"]
[Date "2012.03.27"]
[Round "7.36"]
[White "Grandelius,N"]
[Black "Volkov,Sergey1"]
[Result "1/2-1/2"]
[WhiteElo "2545"]
[BlackElo "2623"]

1.d4 d5 2.c4 c6 3.Nf3 Nf6 4.Nc3 a6 5.a4 e6 6.g3 dxc4 7.e4 c5 8.d5 exd5 9.e5 Nbd7
10.Bg5 Be7 11.exf6 Nxf6 12.Bxf6 Bxf6 13.Nxd5 Bxb2 14.Rb1 c3 15.Bd3 Bh3 16.Qe2+ Kf8
17.Nf4 Qa5 18.Qc2 Bd7 19.O-O Bxa4 20.Qe2 Re8 21.Ne5 Qc7 22.Rfe1 c4 23.Bxc4 Rxe5
24.Qxe5 Qxe5 25.Rxe5 c2 26.Ree1 cxb1=Q 27.Rxb1 b5 28.Rxb2 bxc4 29.Rb8+ Be8
30.Nd5 g6 31.Nc7 Kg7 32.Nxe8+ Kh6 33.Kf1 a5 34.g4 Kg5 35.Rb5+ Kxg4 36.Nf6+ Kf3
37.Nd7 Rc8 38.Rxa5 c3 39.Ne5+ Ke4 40.Ke2 c2 41.Nd3 c1=N+ 42.Nxc1 Rxc1 43.Ra7 Rh1
44.Re7+ Kd5 45.Rxf7 Rxh2 46.Kf3 Ke6 47.Ra7 h5 48.Ra6+ Kf5 49.Kg3 Rh1 50.Ra5+ Kf6
51.Kg2 Re1 52.Ra6+ Re6 53.Ra5 Re5 54.Ra6+ Kf5 55.Ra4 g5 56.Ra3 Re4 57.Ra5+ Kf4
58.Ra8 Rd4 59.Ra3 h4 60.Rf3+ Kg4 61.Ra3 Rb4 62.Rc3 Ra4 63.Rb3 Rd4 64.Ra3 Rc4
65.Rb3 Ra4 66.Rc3 Rf4 67.Ra3 h3+ 68.Kg1 Kh4 69.Rb3 Rf5 70.Ra3 g4 71.Ra1 Re5
72.Rb1 Kg5 73.Ra1 Kf4 74.Ra4+ Re4 75.Ra1 Rd4 76.Rb1 Kg5 77.Ra1 Kf4 78.Ra4 Re4
79.Ra1 Rd4 80.Rb1 Rd3 81.Rb8 Rd1+ 82.Kh2 Rd5 83.Kg1 Rd4 84.Rb1 Ra4 85.Rc1 Ra3
86.Rc8 Ra1+ 87.Kh2 Rf1 88.Rf8+ Ke4 89.Rf7 Rd1 90.Re7+ Kf5 91.Rf7+ Kg6 92.Rf8 Rd5
93.f3 Rd2+ 94.Kh1 Kg5 95.Rg8+ Kf4 96.Rxg4+ Kxf3 97.Rg8  1/2-1/2

[Event "ch-Urals Men 2012"]
[Site "Satka RUS"]
[Date "2012.03.27"]
[Round "4"]
[White "Pogromsky,M"]
[Black "Chernyuk,Mikhail"]
[Result "1/2-1/2"]
[WhiteElo "2435"]
[BlackElo "2256"]

1.d4 d5 2.c4 c6 3.Nf3 Nf6 4.Nc3 a6 5.h3 b5 6.c5 g6 7.Bf4 Bg7 8.e3 O-O 9.Bd3 Nfd7
10.e4 e5 11.Nxe5 Nxe5 12.Bxe5 Bxe5 13.dxe5 d4 14.Ne2 Nd7 15.Rc1 Nxe5 16.O-O g5
17.Qd2 Bxh3 18.f4 Nxd3 19.Qxd3 Bg4 20.Nxd4 Qd7 21.Rc2 Rad8 22.Rd2 gxf4 23.Rxf4 Bh5
24.Rf6 Qe7 25.Rxc6 Bg6 26.b4 Rfe8 27.Rxg6+ hxg6 28.Nc6 Rxd3 29.Nxe7+ Rxe7
30.Rxd3 Rxe4 31.a3 Re6 32.Rd8+ Kg7 33.Kf2 f5 34.Rb8 Kf6 35.Rb6 Ke7 36.Rxe6+ Kxe6
37.Ke3 Ke5 38.c6 Kd6 39.Kf4 Kxc6 40.Kg5 Kd5 41.Kxg6 Ke5 42.Kf7 f4 43.Ke7 Kf5
44.Kd6 Kf6 45.Kd5 Kf5 46.Kd4 Kg4 47.Ke4 Kg5 48.Ke5 Kg4 49.Ke6 Kg5 50.Ke5 Kg4
51.Kf6 Kh4 52.Kf5 Kg3 53.Ke5 Kg4 54.Ke4 Kg5 55.Ke5 Kg4 56.Ke4 Kg5 57.Ke5  1/2-1/2

[Event "TCh-CZE Liga1 Vychod"]
[Site "Czech Rep CZE"]
[Date "2012.04.01"]
[Round "11"]
[White "Jedlicka,A"]
[Black "Kulovana,E"]
[Result "1/2-1/2"]
[WhiteElo "2262"]
[BlackElo "2300"]

1.d4 d5 2.c4 c6 3.Nf3 Nf6 4.Nc3 a6 5.e3 b5 6.c5 Nbd7 7.a3 a5 8.Bd2 g6 9.b4 axb4
10.axb4 Rb8 11.Ne5 Qc7 12.f4 Bg7 13.Bd3 O-O 14.O-O Re8 15.Qf3 Nf8 16.f5 gxf5
17.Bxf5 Bxf5 18.Qxf5 Ra8 19.Rxa8 Rxa8 20.e4 dxe4 21.Nxe4 Ne6 22.Nxf6+ exf6
23.Nf3 Qd7 24.Be3 Rd8 25.Rd1 Qd5 26.Nh4 Qb3 27.Qf3 Rd5 28.Ra1 f5 29.Ra8+ Nf8
30.h3 Qxb4 31.Kh2 Qe1 32.Bf2 Qe4 33.Rc8 h6 34.Rxc6 Ne6 35.Rc8+ Kh7 36.Re8 Qxf3
37.Nxf3 Nxd4 38.Bxd4 Bxd4 39.c6 Bb6 40.Re7 Rc5 41.Nd4 Rc1 42.Rxf7+ Kg6 43.Ne2 Rxc6
44.Rb7 Kf6 45.Nc3 Rxc3  1/2-1/2

[Event "Pobeskydi GM 2012"]
[Site "Frydek Mistek CZE"]
[Date "2012.04.03"]
[Round "2"]
[White "Rojicek,V"]
[Black "Velicka,P"]
[Result "1/2-1/2"]
[WhiteElo "2406"]
[BlackElo "2471"]

1.d4 d5 2.c4 c6 3.Nf3 Nf6 4.Nc3 a6 5.a4 e6 6.g3 dxc4 7.Bg2 c5 8.dxc5 Qxd1+
9.Nxd1 Bd7 10.Ne5 Nc6 11.Nxc4 Bxc5 12.Be3 Bxe3 13.Ndxe3 Ke7 14.f4 Rab8 15.Kf2 Nb4
16.Ne5 Rhc8 17.Rhc1 b6 18.b3 Be8 19.Rxc8 Rxc8 20.N3c4 b5 21.axb5 Bxb5 22.Rd1 Ne8
23.Rd4 Nc2 24.Rd2 Nb4 25.Rd4 Nc2 26.Rd2 Nb4  1/2-1/2

[Event "Cebanenco Mem IM 2012"]
[Site "Kishinev MDA"]
[Date "2012.04.03"]
[Round "1"]
[White "Baltag,I"]
[Black "Chircu,V"]
[Result "1-0"]
[WhiteElo "2420"]
[BlackElo "2190"]

1.d4 d5 2.c4 c6 3.Nf3 Nf6 4.Nc3 a6 5.e3 b5 6.b3 Bg4 7.Be2 e6 8.h3 Bxf3 9.Bxf3 Nbd7
10.O-O Bd6 11.Bb2 O-O 12.Qc2 Rc8 13.e4 dxe4 14.Nxe4 Nxe4 15.Qxe4 Qf6 16.Rac1 b4
17.g3 Rfe8 18.Rfe1 a5 19.Ba1 Qd8 20.Rcd1 f5 21.Qd3 Qg5 22.Kg2 Bb8 23.Re2 Qg6
24.Rde1 Kh8 25.Bb2 c5 26.Re3 Bf4 27.R3e2 Bb8 28.Rd1 cxd4 29.Qxd4 Re7 30.Qh4 Nf6
31.Be5 Bxe5 32.Rxe5 Qf7 33.Rxa5 e5 34.Qg5 e4 35.Be2 g6 36.Rd6 Ne8 37.Rd4 Kg7
38.h4 h6 39.Qe3 Nf6 40.h5 Nxh5 41.Bxh5 gxh5 42.Rd6 Re6 43.Raa6 Rce8 44.Qc5 f4
45.Rxe6 f3+ 46.Kh2 Rxe6 47.Ra7  1-0

[Event "Semana Santa LAB Open"]
[Site "Bogota COL"]
[Date "2012.04.04"]
[Round "2"]
[White "Villar,Ju"]
[Black "Dominguez,Mi"]
[Result "1-0"]
[WhiteElo "1876"]
[BlackElo "2007"]

1.d4 d5 2.c4 c6 3.Nf3 Nf6 4.Nc3 a6 5.e3 b5 6.b3 Bf5 7.Be2 e6 8.O-O Bd6 9.Bb2 Nbd7
10.Rc1 O-O 11.Nh4 Be4 12.Nxe4 Nxe4 13.g3 f5 14.Ng2 Rc8 15.f3 Nef6 16.Qd2 Qe7
17.a4 bxc4 18.bxc4 Bb4 19.Bc3 a5 20.Bxb4 axb4 21.c5 Ra8 22.Qxb4 Rfb8 23.Qa3 e5
24.Bd3 Ra5 25.Bxf5 Nb6 26.Rb1 Qf8 27.Qb3 Nbd7 28.Qc3 Rxa4 29.Rxb8 Qxb8 30.dxe5 Rc4
31.Qa1 Qxe5 32.Qa8+ Qb8 33.Qxc6 Rxc5 34.Qe6+ Kh8 35.Rb1 Qc7 36.Qa6 Rc1+ 37.Rxc1 Qxc1+
38.Kf2 Qb2+ 39.Qe2 Qe5 40.Bxd7 Nxd7 41.Qc2 Qb8 42.Nf4 Nf6 43.h4 Qe5 44.Qc8+ Ng8
45.Qc5 Nf6 46.g4 g5 47.Qf8+ Ng8 48.hxg5 Qxg5 49.Qf5 Qxf5 50.gxf5 Nf6 51.Ke2 Kg7
52.Kd3 h5 53.Kd4 Kf7 54.Ke5 h4 55.Nh3 Ke7 56.Ng5 Nh7 57.Nxh7 h3 58.f6+ Kd7
59.f7 h2 60.f8=Q h1=Q 61.Nf6+ Kc7 62.Nxd5+ Kc6 63.Qa8+ Kc5 64.Qa5+ Kc4 65.Qc3+ Kb5
66.Qb4+ Kc6 67.Qb6+ Kd7 68.Qc7+ Ke8 69.Qe7+  1-0

[Event "Portisch at 75 Rapid"]
[Site "Budapest HUN"]
[Date "2012.04.04"]
[Round "6"]
[White "Ljubojevic,L"]
[Black "Hort,V"]
[Result "1/2-1/2"]
[WhiteElo "2571"]
[BlackElo "2476"]

1.d4 d5 2.Nf3 Nf6 3.c4 c6 4.Nc3 a6 5.e3 g6 6.Bd3 Bg7 7.O-O O-O 8.b3 Bf5 9.a4 Nbd7
10.Ba3 Re8 11.Bxf5 gxf5 12.Qd3 e6 13.Rac1 Ne4 14.Ne2 Qa5 15.Bb2 b5 16.cxd5 cxd5
17.Bc3 Nxc3 18.Qxc3 Qxc3 19.Nxc3 Rab8 20.axb5 axb5 21.g3 Bf8 22.Ne1 Ba3 23.Rc2 Rec8
24.Nxb5  1/2-1/2

[Event "O2C Doeberl Cup Premier 2012"]
[Site "Canberra AUS"]
[Date "2012.04.05"]
[Round "1.3"]
[White "Zhao Zong Yuan"]
[Black "Smirnov,Ant"]
[Result "1-0"]
[WhiteElo "2556"]
[BlackElo "2151"]

1.d4 d5 2.c4 c6 3.Nf3 Nf6 4.Nc3 a6 5.a4 e6 6.g3 Nbd7 7.Bg2 Bd6 8.O-O O-O
9.Nd2 Bc7 10.e4 e5 11.dxe5 Nxe4 12.Ndxe4 dxe4 13.e6 fxe6 14.Nxe4 Nf6 15.Qb3 Nxe4
16.Bxe4 e5 17.Be3 Qe7 18.Rfd1 Bg4 19.Qxb7 Bxd1 20.Rxd1 Rad8 21.Rxd8 Rxd8
22.Qxa6 c5 23.Bd5+ Kh8 24.Qa7 Rd7 25.Qxc5  1-0

[Event "OGD Prinsenstad Open A"]
[Site "Delft NED"]
[Date "2012.04.06"]
[Round "1.4"]
[White "Thakoerdien,Jerrel"]
[Black "Haslinger,S"]
[Result "0-1"]
[WhiteElo "2095"]
[BlackElo "2536"]

1.d4 d5 2.Nf3 Nf6 3.c4 c6 4.Nc3 a6 5.c5 g6 6.Bf4 Bg7 7.h3 O-O 8.e3 Bf5 9.Qb3 Ra7
10.Be2 Nbd7 11.Bh2 Be4 12.O-O Bxf3 13.Bxf3 e5 14.dxe5 Nxc5 15.exf6 Nxb3 16.fxg7 Nxa1
17.gxf8=Q+ Qxf8 18.Rxa1 b6 19.a3 Rd7 20.Rd1 Qe7 21.Rd4 a5 22.a4 Kg7 23.Bg3 Qc5
24.Kh2 f6 25.Bg4 Re7 26.Bf3 h5 27.h4 Rd7 28.Bf4 b5 29.axb5 cxb5 30.Bxd5 b4
31.Ne4 Qxd5 32.Rxd5 Rxd5 33.b3 a4 34.bxa4 b3 35.Kg3 b2 36.Nc3 Rd3 37.Nb1 Rd1
38.Na3 Ra1  0-1

[Event "6th Philadelphia Open"]
[Site "Philadelphia USA"]
[Date "2012.04.07"]
[Round "6.11"]
[White "Morales Mendoza,Lu"]
[Black "Prasca Sosa,R"]
[Result "0-1"]
[WhiteElo "2184"]
[BlackElo "2420"]

1.d4 d5 2.Nf3 c6 3.c4 Nf6 4.Nc3 a6 5.e3 g6 6.Qc2 Bg7 7.b3 O-O 8.Bb2 Bg4 9.Ne5 Be6
10.Be2 Nbd7 11.f4 Nxe5 12.fxe5 Bf5 13.Bd3 Bxd3 14.Qxd3 dxc4 15.bxc4 Nd7 16.Rd1 Qa5
17.O-O Rad8 18.Qc2 b5 19.Ne4 bxc4 20.Qxc4 Qd5 21.Qc2 Bh6 22.Rfe1 f5 23.Nc3 Qc4
24.Qa4 Nb6 25.Qb3 Qxb3 26.axb3 Nd5 27.Nxd5 cxd5 28.Ba3 Kf7 29.Bc5 a5 30.Rd3 Rb8
31.Ra1 Rb5 32.Kf2 Rfb8 33.Ra3 Bg7 34.Rc3 Rc8 35.b4 axb4 36.Bxb4 Rcb8 37.Bc5 Rb2+
38.Kg3 R8b7 39.Ra7 Rxa7 40.Bxa7 Rb7 41.Bc5 Rc7 42.Kf3 Rc8 43.Bb4 Rxc3 44.Bxc3 Ke6
45.Bb4 Kd7 46.Ke2 e6 47.Kd3 Kc6 48.Be7 Kb5 49.g3 Ka4 50.Kc3 Bh6 51.Kd3 Kb5
52.h3 Kc6 53.Ke2 Kd7 54.Bc5 Bg5 55.Kd3 Kc6 56.Bf8 Kb5 57.Bd6 Ka4 58.Bf8 Kb3
59.Bd6 Bd8 60.Ke2 Kc3 61.Bc5 h5 62.h4 Kc4 63.Kd2 g5 64.hxg5 Bxg5 65.Ke2 h4
66.gxh4 Bxh4 67.Bb6 Bg5 68.Ba7 f4 69.exf4 Bxf4 70.Kf3 Bc1 71.Ke2 Bg5 72.Bb6 Bh6
73.Bc5 Bf4 74.Ba7 Bh2 75.Bb6 Bg1 76.Kf3 Bxd4 77.Bc7 Bb2 78.Kf4 d4 79.Ba5 d3
80.Bd2 Bc3 81.Ke3 Bxd2+ 82.Kxd2 Kd4  0-1

[Event "O2C Doeberl Cup Premier 2012"]
[Site "Canberra AUS"]
[Date "2012.04.08"]
[Round "9.14"]
[White "Bjelobrk,I"]
[Black "Bird,A"]
[Result "1/2-1/2"]
[WhiteElo "2326"]
[BlackElo "2201"]

1.d4 d5 2.c4 c6 3.Nf3 Nf6 4.Nc3 a6 5.c5 Bf5 6.Qb3 Qc8 7.Bf4 Nbd7 8.h3 e6
9.e3 Be7 10.Be2 O-O 11.O-O Bd8 12.Nh4 Be4 13.Nf3 Bc7 14.Bxc7 Qxc7 15.Nxe4 Nxe4
16.Qc2 e5 17.b4 exd4 18.exd4 Qf4 19.a4 Ng5 20.Nxg5 Qxg5 21.b5 axb5 22.axb5 Qf6
23.Ra4 Rxa4 24.Qxa4 Re8 25.Bf3 Re7 26.Bg4 Nf8 27.Bc8 Rc7 28.Qa8 cxb5 29.Bxb7 Qxd4
30.c6 Qe5 31.Rd1 g6 32.Qd8 Kg7 33.Rxd5 Qe1+ 34.Kh2 Ne6 35.Qh4 b4 36.Qg3 Qc3
37.Rd3 Qf6 38.Rf3 Qd4 39.h4 h5 40.Rd3 Qf6 41.Rd5 Qc3 42.Rd3  1/2-1/2

[Event "18th Metropolitan IM"]
[Site "Los Angeles USA"]
[Date "2012.04.12"]
[Round "2"]
[White "Kavutskiy,K"]
[Black "Liou,Y"]
[Result "0-1"]
[WhiteElo "2302"]
[BlackElo "2293"]

1.d4 d5 2.c4 c6 3.Nf3 Nf6 4.Nc3 a6 5.e3 b5 6.c5 Nbd7 7.a3 a5 8.Bd3 g6 9.b3 Bg7
10.Bb2 O-O 11.a4 b4 12.Ne2 e5 13.Nxe5 Nxe5 14.dxe5 Ng4 15.Nd4 Nxe5 16.Be2 Bb7
17.O-O Qe7 18.Qc2 Rfe8 19.Rac1 Nd7 20.Bg4 Nf6 21.Bf3 Rac8 22.Rfd1 Rc7 23.Ne2 Bc8
24.Bd4 Nd7 25.Bxg7 Kxg7 26.Nd4 Nf6 27.h3 h5 28.Re1 Qe5 29.Rcd1 Qg5 30.Kf1 Qh4
31.Qb2 Kg8 32.Kg1 Qg5 33.Kh2 Qe5+ 34.Kg1 Qg5 35.Kh2 Qh4 36.Kg1 Nh7 37.Be2 Qe7
38.Qc2 Ng5 39.Bd3 Qf6 40.h4 Ne4 41.Bxe4 dxe4 42.g3 Ba6 43.Qd2 Re5 44.Rc1 Qe7
45.f4 exf3 46.Nxf3 Rd5 47.Nd4 Qe5 48.Kh2 Rcd7 49.Qg2 Bb7 50.Qc2 Qe7 51.Kg2 Re5
52.Nf3 Re4 53.Kf2 Rd5 54.Red1 Rxd1 55.Rxd1 Rxe3 56.Rd8+ Qxd8 57.Kxe3 Qe7+
58.Kf2 Bc8 59.Ng5 Qf6+ 60.Kg2 Be6 61.Nxe6 Qxe6 62.Qd3 Qe5 63.Qd8+ Kh7 64.Qd7 Qe4+
65.Kh2 Kg7 66.Qd6 Kh7 67.Qc7 Qd5 68.Qxa5 Qxb3 69.Qc7 Qc2+ 70.Kh1 Qe4+ 71.Kh2 Qe2+
72.Kg1 Qd1+ 73.Kh2 Qf3 74.a5 b3 75.Qb7 Qf2+  0-1

[Event "Grand Congress Open"]
[Site "Bournemouth ENG"]
[Date "2012.04.21"]
[Round "3.7"]
[White "Mason,D"]
[Black "Foo,William J"]
[Result "1-0"]
[WhiteElo "2227"]
[BlackElo "1959"]

1.d4 d5 2.c4 c6 3.Nc3 Nf6 4.Nf3 a6 5.c5 g6 6.h3 Bg7 7.Bf4 Nbd7 8.e3 O-O 9.Be2 b6
10.cxb6 Qxb6 11.b3 Ne4 12.Nxe4 dxe4 13.Nd2 e5 14.dxe5 Nxe5 15.O-O Rd8 16.Qc2 Nd3
17.Nc4 Qc5 18.Rad1 Bf5 19.g4 Be6 20.Bxd3 exd3 21.Rxd3 Qe7 22.Rfd1 Rxd3 23.Qxd3 Qh4
24.Kg2 f5 25.Qd6 Bf7 26.Qxc6 Rd8 27.Rxd8+ Qxd8 28.Qd6 Qa8+ 29.f3 Bd5 30.Qb8+ Kf7
31.Nd6+ Ke6 32.gxf5+ gxf5 33.Qxa8 Bxa8 34.Ne8 Be5 35.Bxe5 Kxe5 36.Kf2 Bc6
37.f4+  1-0

[Event "14th Dubai Open 2012"]
[Site "Dubai UAE"]
[Date "2012.04.21"]
[Round "6.25"]
[White "Timoshenko,G"]
[Black "Deshmukh,A"]
[Result "1-0"]
[WhiteElo "2569"]
[BlackElo "2269"]

1.d4 Nf6 2.c4 c6 3.Nf3 d5 4.Nc3 a6 5.a4 Bf5 6.Qb3 b6 7.Bf4 e6 8.e3 Nbd7 9.h3 Be7
10.Be2 dxc4 11.Qxc4 b5 12.Qxc6 b4 13.Nd1 O-O 14.Nd2 Nd5 15.Bg3 b3 16.O-O Rc8
17.Qxa6 Nb4 18.Qb5 e5 19.Bxe5 Nxe5 20.Qxe5 Bxh3 21.Nxb3 Rc6 22.Bf3 Rg6 23.Qh5 Bc8
24.Nc3 Rg5 25.Qh2 Bd6 26.g3 f5 27.Qg2 Nc2 28.Nd5 Ba6 29.Nc5 Bxf1 30.Rxf1 Qc8
31.Rc1 Nxe3 32.fxe3 Qe8 33.Kf1 Rxg3 34.Qf2 h5 35.Ke2 h4 36.b3 g5 37.Kd2 g4
38.Bh1 Rh3 39.Nf4 g3 40.Qf3 Rh2+ 41.Kc3 Bxc5 42.dxc5 Qe5+ 43.Kc4 Rd8 44.Bg2 Qb2
45.Rc3 Qb1 46.Qh5 Rxg2 47.Qg5+ Kh7 48.Qxh4+ Kg7 49.Ne6+ Kf7 50.Nxd8+ Ke8
51.Qh8+  1-0

[Event "TCh-CZE Extraliga 2011-12"]
[Site "Czech Republic CZE"]
[Date "2012.04.22"]
[Round "11.3"]
[White "Chytilek,R"]
[Black "Jirka,J"]
[Result "1/2-1/2"]
[WhiteElo "2393"]
[BlackElo "2415"]

1.d4 d5 2.c4 c6 3.Nf3 Nf6 4.Nc3 a6 5.e3 b5 6.c5 Nbd7 7.Bd2 g6 8.b4 Bg7 9.a4 Bb7
10.h3 O-O 11.Be2 Qb8 12.O-O e5 13.dxe5 Nxe5 14.Nd4 Nfd7 15.Rb1 Nc4 16.Bxc4 bxc4
17.a5 Qc7 18.Na4 Rae8 19.Bc3 Bc8 20.Nf3 Bxc3 21.Nxc3 Ne5 22.Nd4 Nd3 23.Nce2 Re4
24.Nc1 Rxd4 25.exd4 Bf5 26.Nxd3 Bxd3 27.Qd2 Bxf1 28.Rxf1 Qe7 29.Re1 Qf6 30.Re5 Rb8
31.Kf1 Kg7 32.Kg1 Qd8 33.Re1 Rb7 34.Rb1 Qc8 35.Re1 Qf5 36.h4 h6 37.Re8 Qb1+
38.Kh2 Rxb4 39.Qe3 Qf5 40.Qe7 Qf4+ 41.Kh3 Rb3+ 42.f3 Rxf3+  1/2-1/2

[Event "TCh-NED Meesterklasse 2011-12"]
[Site "Netherlands NED"]
[Date "2012.04.22"]
[Round "9.3"]
[White "Hoeksema,E"]
[Black "Saltaev,M"]
[Result "1/2-1/2"]
[WhiteElo "2328"]
[BlackElo "2484"]

1.d4 d5 2.c4 c6 3.Nf3 Nf6 4.Nc3 a6 5.Qb3 e6 6.Bg5 Be7 7.e3 Nbd7 8.Be2 O-O
9.O-O b6 10.cxd5 exd5 11.Rad1 Bb7 12.Bd3 b5 13.Rfe1 c5 14.dxc5 Nxc5 15.Qc2 Nxd3
16.Qxd3 b4 17.Ne2 Qa5 18.Qb1 h6 19.Bh4 Rfe8 20.Nfd4 Qb6 21.Rc1 Bf8 22.Bxf6 Qxf6
23.Rc7 Rab8 24.Qf5 Qxf5 25.Nxf5 g6 26.Nfd4 Bd6 27.Rc2 Rec8 28.Rec1 Rxc2 29.Rxc2 Kf8
30.f4 Rc8 31.Rxc8+ Bxc8 32.Kf2 Ke7 33.Kf3 h5 34.h3 Bd7 35.g4 hxg4+ 36.hxg4 Bc7
37.Nc1 Kd6 38.Nd3 a5 39.Ne5 Be8 40.g5 Bd8 41.Ng4 Bd7 42.Ne5 Be8 43.Ng4 Bd7
44.Ne5  1/2-1/2

[Event "ch-LTU 2012"]
[Site "Vilnius LTU"]
[Date "2012.04.24"]
[Round "4"]
[White "Laurusas,T"]
[Black "Labeckas,K"]
[Result "1/2-1/2"]
[WhiteElo "2360"]
[BlackElo "2407"]

1.d4 d5 2.c4 c6 3.Nf3 Nf6 4.Nc3 a6 5.e3 b5 6.b3 Bg4 7.Be2 e6 8.O-O Bd6 9.Bb2 O-O
10.h3 Bh5 11.Ne5 Bxe2 12.Nxe2 bxc4 13.bxc4 Nbd7 14.Qc2 Rc8 15.Nd3 c5 16.dxc5 Nxc5
17.Bxf6 Qxf6 18.cxd5 exd5 19.Rad1 Ne6 20.Qa4 Rc4 21.Qa5 Rd8 22.Ne1 Bb4 23.Qb6 Nd4
24.Qxd4 Rxd4 25.Nxd4 Rc8 26.Nd3 Bd6 27.Rd2 g6 28.Rfd1 a5 29.Nb5 Bb4 30.Nxb4 axb4
31.Nd4 Qa6 32.Rb2 Rc4 33.Rdb1 Qa4 34.g3 Kg7 35.Kg2 h5 36.h4 Kh6 37.Nf3 f6
38.Nd4 Qa3 39.Rd2 Qa7 40.Rdb2 Qe7 41.Kh2  1/2-1/2

[Event "Historical Melaka Op"]
[Site "Melaka MAS"]
[Date "2012.04.26"]
[Round "5"]
[White "Nayan,A"]
[Black "Ismail,Ah"]
[Result "0-1"]
[WhiteElo "2072"]
[BlackElo "2007"]

1.d4 Nf6 2.Nf3 d5 3.c4 c6 4.Nc3 a6 5.a4 g6 6.g3 Bg7 7.Bg2 O-O 8.cxd5 cxd5
9.Ne5 Nc6 10.f4 Bf5 11.O-O Nb4 12.a5 Rc8 13.Qb3 Nc6 14.e3 Nxa5 15.Qa2 b6
16.Nxd5 Nxd5 17.Bxd5 Bxe5 18.fxe5 e6 19.Bf3 Bd3 20.Re1 Bc4 21.Qb1 Nb3 22.Ra3 a5
23.Bd1 a4 24.Bxb3 Bxb3 25.Bd2 Rc2 26.Bc3 Qg5 27.Ra1 Qh5 28.Qxc2 Bxc2  0-1

[Event "TCh-AUT 2 Mitte 2011-12"]
[Site "Fuerstenfeld AUT"]
[Date "2012.04.28"]
[Round "10"]
[White "Eichhorn,Al"]
[Black "Fahrner,K"]
[Result "0-1"]
[WhiteElo "2039"]
[BlackElo "2319"]

1.d4 d5 2.Nf3 Nf6 3.c4 c6 4.Nc3 a6 5.cxd5 cxd5 6.Bf4 Nc6 7.e3 Qb6 8.Rb1 Bf5
9.Bd3 Bxd3 10.Qxd3 e6 11.O-O Be7 12.Rfc1 O-O 13.Ne5 Nxe5 14.Bxe5 Nd7 15.Bg3 Rac8
16.Nd1 Qa5 17.a3 Qe1+ 18.Qf1 Qd2 19.Nc3 Nb6 20.Qd1 Nc4 21.Qb3 b5 22.Rd1 Na5
23.Qa4 Qxc3  0-1

[Event "Nakhchivan Open 2012"]
[Site "Nakhchivan AZE"]
[Date "2012.04.28"]
[Round "1.12"]
[White "Agasiyev,Ka"]
[Black "Mirzoev,A"]
[Result "0-1"]
[WhiteElo "2238"]
[BlackElo "2560"]

1.d4 d5 2.c4 c6 3.Nf3 Nf6 4.Nc3 a6 5.c5 Bf5 6.Bf4 Nbd7 7.e3 e6 8.Be2 Be7
9.h3 Ne4 10.O-O O-O 11.Bd3 Nef6 12.Bxf5 exf5 13.Qc2 g6 14.b4 Qc8 15.Rfc1 Re8
16.a4 Bd8 17.b5 Bc7 18.bxc6 bxc6 19.a5 Ne4 20.Bxc7 Qxc7 21.Na4 Ra7 22.Nb6 Nf8
23.Qa4 Re6 24.Ne5 g5 25.Rab1 Kg7 26.Qd1 Ng6 27.Nd3 f4 28.Qg4 fxe3 29.fxe3 h6
30.Rc2 Nf6 31.Qf3 Nh4 32.Qe2 Ne4 33.Ne5 Ng6 34.Nxg6 fxg6 35.Qg4 Re8 36.Re1 h5
37.Qe2 Rf8 38.Rcc1 Rf2 39.Qxf2 Nxf2 40.Kxf2 Qh2 41.Rg1 Rf7+ 42.Ke2 Qg3  0-1

[Event "Torneio Nacional de Mestres 2012"]
[Site "Lisbon POR"]
[Date "2012.04.30"]
[Round "3.1"]
[White "Vasques,A"]
[Black "Rego,P"]
[Result "1/2-1/2"]
[WhiteElo "2197"]
[BlackElo "2134"]

1.d4 d5 2.c4 c6 3.Nc3 Nf6 4.Nf3 a6 5.g3 Bf5 6.Bg2 e6 7.Bg5 Be7 8.Qb3 b5 9.cxb5 cxb5
10.Bxf6 Bxf6 11.a4 bxa4 12.Qxa4+ Nd7 13.Qc6 O-O 14.Rxa6 Rxa6 15.Qxa6 Qb8
16.Nb5 Qa8 17.Qxa8 Rxa8 18.Nc3 Rb8 19.Nd1  1/2-1/2

[Event "ch-SRB 2012"]
[Site "Vrnjacka Banja SRB"]
[Date "2012.04.30"]
[Round "8"]
[White "Milanovic,Da"]
[Black "Markovic,Miros1"]
[Result "1/2-1/2"]
[WhiteElo "2520"]
[BlackElo "2480"]

1.d4 d5 2.c4 c6 3.Nf3 Nf6 4.Nc3 a6 5.a4 g6 6.Bf4 Bg7 7.e3 O-O 8.h3 Qb6 9.Qc1 a5
10.Be2 Na6 11.O-O Nb4 12.Ne5 Be6  1/2-1/2

[Event "FSGM May 2012"]
[Site "Budapest HUN"]
[Date "2012.05.05"]
[Round "1"]
[White "Arngrimsson,D"]
[Black "Horvath,Dav"]
[Result "1/2-1/2"]
[WhiteElo "2381"]
[BlackElo "2420"]

1.d4 Nf6 2.c4 c6 3.Nc3 d5 4.Nf3 a6 5.e3 Bg4 6.h3 Bxf3 7.Qxf3 e6 8.Bd3 b5
9.cxd5 cxd5 10.O-O Nc6 11.Bd2 Be7 12.Rfc1 Qb6 13.Qd1 O-O 14.a4 b4 15.a5 Nxa5
16.Na4 Qd8 17.Nc5 Bxc5 18.dxc5 Nc6 19.Rxa6 Rxa6 20.Bxa6 Qa5 21.Ra1 Qxc5 22.Qa4 Ne4
23.Rc1 Qa7 24.Rxc6 Nxd2 25.Qxb4 Ne4 26.Qa5 Qe7 27.f3 Nf6 28.b4 Nd7 29.Qc7 Qd8
30.Qa7 Ne5 31.Rc8 Qd6 32.Rxf8+ Kxf8 33.f4 Nc4 34.Bxc4 dxc4 35.Qb7 Qd3 36.Qc8+ Ke7
37.Qc7+ Kf6 38.b5 c3 39.Qe5+ Ke7 40.Qc7+ Kf6 41.Qe5+ Ke7 42.Qc7+  1/2-1/2

[Event "Torneio Nacional de Mestres 2012"]
[Site "Lisbon POR"]
[Date "2012.05.05"]
[Round "8.5"]
[White "Santos,AntonioP"]
[Black "Padeiro,J"]
[Result "0-1"]
[WhiteElo "2327"]
[BlackElo "2315"]

1.d4 d5 2.c4 c6 3.Nf3 Nf6 4.Nc3 a6 5.c5 Bf5 6.Qb3 Qc8 7.Bf4 Nbd7 8.h3 e6
9.Rc1 h6 10.e3 Be7 11.Be2 O-O 12.g4 Bg6 13.Rg1 Ne4 14.h4 e5 15.Nxe5 Nxe5
16.Bxe5 Bxh4 17.Nxe4 Bxe4 18.Bd3 Bxd3 19.Qxd3 Qe6 20.Ke2 Bf6 21.Bxf6 Qxf6
22.Rg3 g6 23.Rh1 Kg7 24.Rxh6 Rh8 25.Rhh3 Qg5 26.Kf3 Rae8 27.Qb1 Rxh3 28.Rxh3 Re4
29.Rg3 Re8 30.Rh3 Re4 31.Rg3 Re8 32.Qh1 Rh8 33.Rh3 f5 34.Qg2 Rf8 35.Rg3 f4
36.exf4 Qxf4+ 37.Ke2 Qxd4 38.Re3 Qxb2+ 39.Kf1 Qc1+ 40.Re1 Qf4 41.Kg1 Rf7
42.Re3 d4 43.Re4 Qc1+ 44.Qf1 Qxc5 45.Qd3 Rf4 46.Rxf4 Qc1+ 47.Kg2 Qxf4 48.Qe2 Qd6
49.Qb2 b5 50.a4 Qd5+ 51.Kg3 Qc4 52.f3 b4 53.Qd2 d3 54.Qe3 Kf7 55.Qa7+ Ke8
56.Qb8+ Kd7 57.Qb7+ Kd6 58.Qb8+ Kd5 59.Qd8+ Kc5 60.Qf8+ Kd4 61.Qf6+ Ke3 62.Qe5+ Kd2
63.Qb2+ Kd1 64.Qb1+ Ke2 65.Kg2 Qd4 66.Qf1+ Kd2 67.Qb1 Qc3 68.Kf2 Qd4+ 69.Kg2 Kc3
70.Qa1+ Kc4 71.Qc1+ Qc3 72.Qf4+ Kb3  0-1

[Event "85th ch-St Petersburg"]
[Site "St Petersburg RUS"]
[Date "2012.05.07"]
[Round "3"]
[White "Goganov,A"]
[Black "Popov,Val"]
[Result "0-1"]
[WhiteElo "2523"]
[BlackElo "2550"]

1.d4 Nf6 2.c4 c6 3.Nc3 d5 4.Nf3 a6 5.e3 Bf5 6.Bd3 Bg6 7.Ne5 Bxd3 8.Qxd3 e6
9.a3 Nbd7 10.f4 dxc4 11.Qxc4 c5 12.Nxd7 Nxd7 13.O-O b5 14.Qd3 Be7 15.f5 exf5
16.Qxf5 O-O 17.dxc5 Nxc5 18.b4 Bf6 19.Bb2 Qe8 20.Rf3 Nd7 21.Rd1 Rd8 22.Rh3 g6
23.Qf4 Bg7 24.Nd5 f6 25.e4 Nb6 26.Rhd3 Nxd5 27.exd5 Qd7 28.d6 Rfe8 29.Re3 Re6
30.Rxe6 Qxe6 31.Qd4 Rd7 32.Bc1 f5 33.Qd5 Qxd5 34.Rxd5 Kf7 35.Bf4 Bb2 36.Rd3 Kf6
37.Be3 Be5 38.Bc5 Ke6 39.Re3 Kd5 40.Rd3+ Kc6 41.Kf2 a5 42.Re3 Bxh2 43.g3 f4
44.Re8 Bxg3+ 45.Kf3 h5 46.Rb8 axb4 47.axb4 Rf7 48.Rc8+ Kb7 49.Re8 Rd7 50.Rg8 h4
51.Rxg6 Rh7 52.Re6 Kc6 53.Re7 Rxe7 54.dxe7 Kd7 55.Kg4 Be1 56.Bd6 Bf2 57.Bxf4 Kxe7
58.Kf3 Be1 59.Ke2 Bc3 60.Kf3 Ke6 61.Bg5 Bf6 62.Bd2 Kf5 63.Be1 h3 64.Bf2 Be7
65.Be1 Bd6 66.Bc3 Ke6 67.Be1 Ke5  0-1

[Event "14th Salou Open"]
[Site "Salou ESP"]
[Date "2012.05.08"]
[Round "6.2"]
[White "Franco Alonso,A"]
[Black "Burmakin,V"]
[Result "1/2-1/2"]
[WhiteElo "2463"]
[BlackElo "2586"]

1.Nf3 d5 2.d4 c6 3.c4 Nf6 4.Nc3 a6 5.a4 g6 6.e3 Bg7 7.Be2 O-O 8.O-O Bg4 9.Qb3 Ra7
10.a5 e6 11.h3 Bxf3 12.Bxf3 Nbd7 13.Rd1 Qc7 14.Bd2 Raa8 15.Be1 Rac8 16.Qa2 Rfe8
17.b3 Bf8 18.Rac1 Qd8 19.g3 Qe7 20.Bg2 Rcd8 21.Qc2 h5 22.Ne2 Bg7  1/2-1/2

[Event "FSIM May 2012"]
[Site "Budapest HUN"]
[Date "2012.05.11"]
[Round "7"]
[White "Kojima,S"]
[Black "Korpa,B"]
[Result "1-0"]
[WhiteElo "2264"]
[BlackElo "2297"]

1.Nf3 d5 2.d4 Nf6 3.c4 c6 4.Nc3 a6 5.a4 e6 6.g3 dxc4 7.Bg2 c5 8.dxc5 Bxc5
9.Qxd8+ Kxd8 10.Ne5 Ke7 11.Nxc4 Nc6 12.O-O Nb4 13.a5 Nfd5 14.Na4 Ba7 15.e4 Nc7
16.Bf4 Nb5 17.Nab6 Bd7 18.Nxa8 Rxa8 19.Rfd1 Nc2 20.Rac1 Ncd4 21.Kf1 Nb3 22.Rc2 N5d4
23.Rc3 Bb5 24.Ke1 Rd8 25.Bd6+ Ke8 26.Bc7 Rd7 27.Nd6+ Kf8 28.Nxb5 axb5 29.e5 Bc5
30.Rxc5 Nxc5 31.Bd6+ Rxd6 32.exd6 e5 33.b4  1-0

[Event "21st CRO-Cup"]
[Site "Sibenik CRO"]
[Date "2012.05.17"]
[Round "2.32"]
[White "Lalic,B"]
[Black "Galic,I2"]
[Result "1/2-1/2"]
[WhiteElo "2507"]
[BlackElo "2356"]

1.d4 d5 2.c4 c6 3.Nf3 Nf6 4.Nc3 a6 5.Ne5 Nbd7 6.Bf4 dxc4 7.Nxc4 b5 8.Ne5 Bb7
9.e3 e6 10.Be2 c5 11.Bf3 Qb6 12.O-O Rd8 13.a4 cxd4 14.exd4 b4 15.a5 Qa7 16.Na4 Nxe5
17.Bxe5 Be7 18.Rc1 Bd6 19.Bxf6 gxf6 20.Nb6 O-O 21.Rc4 Kh8 22.Bxb7 Qxb7 23.Qa4  1/2-1/2

[Event "TCh-HUN 2011-12"]
[Site "Budapest HUN"]
[Date "2012.05.20"]
[Round "11"]
[White "Ruck,R1"]
[Black "Ilincic,Z"]
[Result "1/2-1/2"]
[WhiteElo "2579"]
[BlackElo "2467"]

1.Nf3 d5 2.d4 Nf6 3.c4 c6 4.Nc3 a6 5.c5 g6 6.Bf4 Nh5 7.g3 Nxf4 8.gxf4 Bh6
9.Qd2 f6 10.e3 Bg4 11.Be2 Nd7 12.Nh4 Bxe2 13.Qxe2 e6 14.f5 exf5 15.Nxf5 Bf8
16.Ng3 f5 17.h4 Qf6 18.h5 O-O-O 19.hxg6 hxg6 20.Rxh8 Qxh8 21.O-O-O Qf6 22.Qf3 Bh6
23.Rh1 Rh8 24.Nce2 Bg5  1/2-1/2